00763cam a2200205 4500001000500000005001700005008003900022010001700061020002500078100002500103245004800128260004900176300001800225490003600243500002300279655002800302800006300330999001500393952014900408445720181127173429.0131112s2012 nyu 000 1 eng a 2012533111 a9780553385953 (pbk.)1 aMartin, George R. R.12aA dance with dragons /cGeorge R.R. Martin. aNew York :bHarperCollins Publishers,c2012. a1184 ;c24 cm0 aA song of fire and ice ; bk. 5. aMaps on endpapers. 7aFantasy fiction.2gsafd aMartin, George R. R. Song of ice and fire ; bk. 5.dqtv c3690d3690 00102ddc40708FICaRTCLIBbRTCLIBcFICd2021-12-14h i8002l3m6oFIC 813.54 MARp30007057r2025-11-08 00:00:00s2025-09-01w2018-11-27yFIC